Score 0/36 Timer 04:00
1 Play Today
Movie Sports Team % Correct
The ___ of OzWizard
92.8%
The Bad News ___Bears
92.5%
___ & DemonsAngels
91.1%
___ of the CaribbeanPirates
90.8%
Kill ___: Vol. 1Bill
85.6%
Clash of the ___Titans
85.5%
The Pink ___ Strikes AgainPanther
84.7%
___ of the Lost ArkRaiders
84%
Black ___ DownHawk
83.9%
Mr. Popper's ___Penguins
80.3%
Mighty Morphin Power ___: The MovieRangers
78%
Tropic ___Thunder
77.4%
In the ___ of the NightHeat
73.8%
The Mighty ___Ducks
71.3%
The Effect of Gamma ___ on Man-in-the-Moon MarigoldsRays
67.4%
___ & AliensCowboys
67.2%
___ DurhamBull
67.1%
Swimming with ___Sharks
65.7%
Movie Sports Team % Correct
___ UglyCoyote
59.2%
The ___ KingLion
54.2%
Damn ___!Yankees
53.1%
They Might Be ___Giants
48.7%
Percy Jackson & the Olympians: The ___ ThiefLightning
48.2%
Agatha Christie's Ten Little ___Indians
45.9%
Practical ___Magic
42.7%
Island of the Blue ___Dolphins
40.1%
___ GamesPatriot
35.9%
Jackie ___Brown
35.8%
The ___ SingerJazz
32.3%
Mo' Better ___Blues
29.1%
Legal ___Eagles
28%
The ___ BunchWild
24%
Three ___Kings
20%
The ___ and the SnowmanFalcon
13.4%
Nightmare on Elm Street 3: Dream ___Warriors
11%
Flying ___Tigers
7.8%

Today's Daily Dose

Quick Pick
Colorful Movies

Get the Picture
Dog Breeds II

Remove Ads.
Support Sporcle.
Get the best of Sporcle when you Go Orange. This ad-free experience offers more features, more stats, and more fun while also helping to support Sporcle. Thank you for becoming a member.

You're not logged in!

Compare scores with friends on all Sporcle quizzes.
OR
Log In

Show Comments

Extras

Top Quizzes Today


Score Distribution

Your Account Isn't Verified!

In order to create a playlist on Sporcle, you need to verify the email address you used during registration. Go to your Sporcle Settings to finish the process.

Report this User

Report this user for behavior that violates our Community Guidelines.

Details: